00732 2200265 4500001002100000005001500021035002500036007000300061008004100064020002200105040001700127082001500144084002100159100001900180245007800199250002000277260003700297300002700334650002200361850001200383041000800395090002100403999002100424990002100445INLIS00000000002555220190730100119 a0010-021700000000366ta170213s2017 yoi gr p ind d a978-602-371-369-1 aYOPDYOGbind 223a808.81 aDEP 808.81 Sig H aSigit Setyawan aHaruskah ada judul untuk perasaan ini :bantologi puisi /cSigit Setyawan aCetakan pertama aYogyakarta :bLeutikaprio,c2017 ax, 89 halaman ;c19 cm aPuisi--xKumpulan aYOPDYOG aind aCB-D.11 2017-030 aCB-D.11/2017-030 aCB-D.11/2017-030